000 00495nam a2200181Ia 4500
008 100917s9999 xx 000 0 und d
082 _b2455
100 _aगांधी महात्मा
245 _aनितिधर्म
260 _b---
_c1932
300 _a36
365 _b0.36
520 _aनीतिशास्त्र
630 _aनितिधर्म
650 _aनीतिशास्त्र
730 _aनितिधर्म
942 _cBOOK
999 _c607849
_d607846